| 000 | 00843nam a22002297a 4500 | ||
|---|---|---|---|
| 001 | 48990 | ||
| 003 | BD-RjUL | ||
| 005 | 20211209054623.0 | ||
| 008 | 160817s1985 bg ||||| |||| 00| 0 ben d | ||
| 020 | _c: TK 55.00 | ||
| 035 | _a(BD-RjUL)49109 | ||
| 040 |
_aBD-RjUL _bben _cBD-RjUL |
||
| 041 | _aben | ||
| 082 |
_223 _a370.1 _bHAS 1985 |
||
| 100 |
_aহক, মুহাম্মদ নাজমুল _9147484 |
||
| 245 | 1 | 0 |
_aশিক্ষা-প্রজুক্তি : _bআধুনিক শিক্ষা বিজ্ঞান / _cমুহাম্মদ নাজমুল হক |
| 260 |
_aঢাকা : _bবাংলা একাডেমী, _c১৯৮৫ |
||
| 300 |
_a১৯২ পৃ. ; _c১৯ সেমি. |
||
| 650 |
_aশিক্ষা _9147485 |
||
| 650 |
_aEducation _9147486 |
||
| 942 |
_2ddc _cBK |
||
| 999 |
_c48990 _d48990 |
||